[Event "SWE-chT 2223 Elite"]
[Site "Sweden"]
[Date "2023.01.21"]
[Round "4.2"]
[White "Smith, Axel"]
[Black "Rajcevski, Dejan"]
[Result "1-0"]
[WhiteElo "2402"]
[BlackElo "2063"]
[PlyCount "84"]
[EventDate "2022.10.14"]
[EventType "team-tourn"]
[EventRounds "9"]
[EventCountry "SWE"]
[SourceTitle "CBM 213 Extra"]
[Source "ChessBase"]
[SourceDate "2023.05.31"]
[SourceVersion "1"]
[SourceVersionDate "2023.05.31"]
[SourceQuality "1"]
[WhiteTeam "Lunds"]
[BlackTeam "Eksjo"]
[WhiteTeamCountry "SWE"]
[BlackTeamCountry "SWE"]

1. c4 e6 2. Nf3 d5 3. e3 Nf6 4. b3 a6 5. Bb2 dxc4 6. Bxc4 b5 7. Be2 Bb7 8. 0-0 Be7 9. a4 c6 10. d4 0-0 11. Nbd2 Nbd7 12. e4 Qb6 13. Bd3 Rfd8 14. Qe2 Nf8 15. Rfd1 Ng6 16. g3 Rac8 17. Bc3 Rd7 18. b4 Qd8 19. Nb3 Qf8 20. Nc5 Bxc5 21. dxc5 Rcd8 22. a5 Qe7 23. e5 Nd5 24. Bd2 h6 25. Bc2 Qe8 26. Ra3 Nde7 27. Re1 Nf5 28. Bc3 Rd5 29. Be4 Bc8 30. Bxd5 exd5 31. Nd4 Nxd4 32. Bxd4 Be6 33. f3 Qd7 34. Qf2 Ne7 35. g4 g6 36. Qh4 Kg7 37. f4 Kh7 38. Rh3 Ng8 39. Rg3 Qe7 40. Qh3 Re8 41. f5 Bc8 42. Rf1 Qd8 1-0

[Event "SWE-chT 2223 Elite"]
[Site "Sweden"]
[Date "2023.01.20"]
[Round "6.1"]
[White "Rajcevski, Dejan"]
[Black "Olsson, Fredric"]
[Result "1-0"]
[WhiteElo "2063"]
[BlackElo "2046"]
[PlyCount "69"]
[EventDate "2022.10.14"]
[EventType "team-tourn"]
[EventRounds "9"]
[EventCountry "SWE"]
[SourceTitle "CBM 213 Extra"]
[Source "ChessBase"]
[SourceDate "2023.05.31"]
[SourceVersion "1"]
[SourceVersionDate "2023.05.31"]
[SourceQuality "1"]
[WhiteTeam "Eksjo"]
[BlackTeam "Helsingborg"]
[WhiteTeamCountry "SWE"]
[BlackTeamCountry "SWE"]

1. d4 Nf6 2. Nf3 e6 3. e3 d5 4. Bd3 Be7 5. b3 0-0 6. Bb2 c5 7. 0-0 Qb6 8. dxc5 Bxc5 9. Bxf6 gxf6 10. Nh4 Qb4 11. Qh5 f5 12. h3 Be7 13. Nf3 Nd7 14. a3 Qc5 15. Nbd2 Qc3 16. Rad1 Qg7 17. Nd4 Kh8 18. Kh1 Rg8 19. Rg1 Nf6 20. Qf3 Bd6 21. c4 Ng4 22. cxd5 Bh2 23. dxe6 Ne5 24. Qxf5 Bxg1 25. Rxg1 Bxe6 26. Nxe6 fxe6 27. Qe4 Nxd3 28. Qxd3 Rgd8 29. Qe2 Qb2 30. Rd1 Rac8 31. Qf3 Rc1 32. Rxc1 Qxc1+ 33. Kh2 Qc7+ 34. g3 Rxd2 35. Qf8# 1-0

[Event "SWE-ch blitz"]
[Site "Helsingborg"]
[Date "2021.11.14"]
[Round "11"]
[White "Rajcevski, Dejan"]
[Black "Abedinov, Adnan"]
[Result "1-0"]
[WhiteElo "1977"]
[BlackElo "2170"]
[PlyCount "51"]
[EventDate "2021.11.14"]
[EventType "swiss (blitz)"]
[EventRounds "13"]
[EventCountry "SWE"]
[SourceTitle "EXT 2024"]
[Source "ChessBase"]
[SourceDate "2023.10.10"]
[SourceVersion "1"]
[SourceVersionDate "2023.10.10"]
[SourceQuality "1"]

1. d4 g6 2. Nf3 Bg7 3. Bf4 f5 4. e3 Nh6 5. h3 Nf7 6. Bc4 e6 7. c3 0-0 8. Nbd2 d6 9. a4 Kh8 10. Bg3 Qe7 11. 0-0 e5 12. dxe5 dxe5 13. Qb3 Nd6 14. Be2 g5 15. Rfe1 e4 16. Nd4 f4 17. Bh2 a6 18. Bg4 c5 19. Ne2 Bxg4 20. hxg4 fxe3 21. fxe3 Nc6 22. Bxd6 Qxd6 23. Nxe4 Qe7 24. N2g3 Ne5 25. Nf5 Nxg4 26. Nxe7 1-0

[Event "SWE-ch blitz"]
[Site "Helsingborg"]
[Date "2021.11.14"]
[Round "12"]
[White "Rajcevski, Dejan"]
[Black "Jepson, Christian"]
[Result "0-1"]
[WhiteElo "1977"]
[BlackElo "2412"]
[PlyCount "98"]
[EventDate "2021.11.14"]
[EventType "swiss (blitz)"]
[EventRounds "13"]
[EventCountry "SWE"]
[SourceTitle "EXT 2024"]
[Source "ChessBase"]
[SourceDate "2023.10.10"]
[SourceVersion "1"]
[SourceVersionDate "2023.10.10"]
[SourceQuality "1"]

1. d4 Nf6 2. Nf3 g6 3. Bf4 d6 4. e3 Bg7 5. Be2 Nc6 6. 0-0 0-0 7. h3 Qe8 8. c3 e5 9. Bh2 Qe7 10. a4 a6 11. b4 Bd7 12. Qc2 Rfe8 13. Re1 h5 14. Na3 Bf5 15. Qb2 e4 16. Nd2 g5 17. Nf1 b6 18. Nc4 Bg6 19. a5 b5 20. Ncd2 Rab8 21. Rad1 Qd7 22. Nb3 h4 23. Qd2 Bh6 24. Qb2 g4 25. hxg4 Nxg4 26. Bf4 Bxf4 27. exf4 Kg7 28. Ne3 Nxe3 29. fxe3 Bf5 30. d5 Ne7 31. Nd4 f6 32. Bh5 Rh8 33. Qe2 Rbg8 34. Nxf5+ Qxf5 35. Bg4 Qg6 36. Bh3 f5 37. c4 Qg3 38. cxb5 axb5 39. Kh1 Rb8 40. Rc1 Rhc8 41. Qh5 Qg6 42. Qxg6+ Kxg6 43. Ra1 Nxd5 44. Reb1 Nxe3 45. Kg1 Kf6 46. Kf2 Nc4 47. g4 hxg3+ 48. Kxg3 Rh8 49. Kf2 Rxh3 0-1